000 00535nam a2200181Ia 4500
008 190406s9999 xx 000 0 und d
100 _aClifford G. Holderness
245 _aEquity Issuances and Agency Costs: The Tellinfg Story of Shareholder Approval Around the World
245 _cClifford G. Holderness
260 _bCL
260 _belsevier
260 _c2018
300 _aCL
500 _aJournal of Financial Economics
650 _xEquity Issuances
650 _xSeasond Equity Offerings (SEOs)
942 _2lcc
_cSE
999 _c361378
_d361378